Pharmaceutical calculations / (Record no. 80657)

MARC details
000 -LEADER
fixed length control field 01064nam a22003017a 4500
003 - CONTROL NUMBER IDENTIFIER
control field URS
005 - DATE AND TIME OF LATEST TRANSACTION
control field 20240702232600.0
008 - FIXED-LENGTH DATA ELEMENTS--GENERAL INFORMATION
fixed length control field 240702b |||||||| |||| 00| 0 eng d
020 ## - INTERNATIONAL STANDARD BOOK NUMBER
International Standard Book Number 978-1-4511-8680-2 (pbk.)
040 ## - CATALOGING SOURCE
Description conventions rda
Transcribing agency URS
Language of cataloging English
050 ## - LIBRARY OF CONGRESS CALL NUMBER
Classification number RS41
Item number .An82 2013
100 ## - MAIN ENTRY--PERSONAL NAME
Personal name Ansel, Howard C.,
Relator term author.
9 (RLIN) 5823
245 ## - TITLE STATEMENT
Title Pharmaceutical calculations /
Statement of responsibility, etc Howard C. Ansel, Shelly J. Stockton.
250 ## - EDITION STATEMENT
Edition statement 14th edition.
264 #1 - PUBLICATION, DISTRIBUTION, ETC. (IMPRINT)
Place of publication, distribution, etc Philadelphia :
Name of publisher, distributor, etc Wolters Kluwer Health/Lippincott Williams & Wilkins,
Date of publication, distribution, etc ©2013.
300 ## - PHYSICAL DESCRIPTION
Extent xii, 450 pages :
Other physical details illustrations ;
Dimensions 26 cm.
336 ## - CONTENT TYPE
Content type term text
Content type code txt
Source rdacontent
337 ## - MEDIA TYPE
Media type term unmediated
Media type code n
Source rdamedia
338 ## - CARRIER TYPE
Carrier type term volume
Carrier type code nc
Source rdacarrier
504 ## - BIBLIOGRAPHY, ETC. NOTE
Bibliography, etc Includes bibliographical references and index.
650 #0 - SUBJECT ADDED ENTRY--TOPICAL TERM
Topical term or geographic name as entry element Pharmaceutical arithmetic.
9 (RLIN) 191
650 #0 - SUBJECT ADDED ENTRY--TOPICAL TERM
Topical term or geographic name as entry element Drug dosage calculations.
9 (RLIN) 5824
650 #0 - SUBJECT ADDED ENTRY--TOPICAL TERM
Topical term or geographic name as entry element Drug compounding
General subdivision methods.
9 (RLIN) 5825
650 #0 - SUBJECT ADDED ENTRY--TOPICAL TERM
Topical term or geographic name as entry element Drug prescriptions.
9 (RLIN) 5826
650 #0 - SUBJECT ADDED ENTRY--TOPICAL TERM
Topical term or geographic name as entry element Weights and measures.
9 (RLIN) 5827
700 ## - ADDED ENTRY--PERSONAL NAME
Personal name Stockton, Shelly J.,
Relator term author.
9 (RLIN) 5828
942 ## - ADDED ENTRY ELEMENTS (KOHA)
Source of classification or shelving scheme Library of Congress Classification
Koha item type Foreign Books
Holdings
Withdrawn status Lost status Source of classification or shelving scheme Damaged status Not for loan Collection code Home library Current library Shelving location Date acquired Source of acquisition Total Checkouts Full call number Barcode Date last seen Copy number Koha item type
    Library of Congress Classification     Non-fiction Taytay College Library Taytay College Library Foreign Section 07/02/2024 Donation   RS41 .An82 2013 URSTAY-5526 06/03/2025 1 Foreign Books
    Library of Congress Classification     Non-fiction Taytay College Library Taytay College Library Foreign Section 07/02/2024 Donation   RS41 .An82 2013 URSTAY-5527 06/03/2025 2 Foreign Books
    Library of Congress Classification     Non-fiction Taytay College Library Taytay College Library Foreign Section 07/02/2024 Donation   RS41 .An82 2013 URSTAY-5528 06/03/2025 3 Foreign Books
    Library of Congress Classification     Non-fiction Taytay College Library Taytay College Library Foreign Section 07/02/2024 Donation   RS41 .An82 2013 URSTAY-5529 06/03/2025 4 Foreign Books

University of Rizal System
Email us at univlibservices@urs.edu.ph

Visit our Website www.urs.edu.ph/library